00543nam a2200205Ia 4500008004100000020001800041050001700059050001800076100002000094245002600114245005900140250001600199260001600215260003400231260000900265300001600274300001100290500002000301650001600321180523s9999 xx 000 0 und d a981-4035-50-5 aMAIN HF 5635 b.B43 2000 c.2 aBeams, Floyd A. 0aAdvanced accounting / 0cFloyd A. Beams, John A. Brozovsky, Craig D. Shoulders. a7th Edition aSingapore : bPearson Education South Asia, c2000 a898 pages : c26 cm. aIncludes index. aAccounting.